000 00544nam a2200181 i 4500
001 37238
003 ES-MaACL
005 20230906155530.0
007 t|
008 030220s1969 sp ||||1| spa d
080 _a821.134.2-32"19"
100 1 _aBuñuel, Miguel.
_932564
245 1 3 _aLa vida en colores /
_cMiguel Buñuel.
260 _aValladolid :
_b[Caja de Ahorros Provincial,
_c1969] (
_fAut. Gerper)
300 _a59 p., 12 lám. ;
_c18 cm.
710 2 _aCaja de Ahorros Provincial de Valladolid.
_92313
852 4 _aES-MaACL
_jC-50326
999 _c37238
_d37238